[Event "DVM U16 2023"]
[Site "Magdeburg GER"]
[Date "2023.12.28"]
[Round "3"]
[White "Danninger, Hugo Kian"]
[Black "Uhlmann, Tim"]
[Result "1/2-1/2"]
[Termination "normal"]
[Board "2.3"]
[WhiteElo "1787"]
[BlackElo "1934"]
[WhiteClock "00:50:50"]
[BlackClock "01:07:23"]
[WhiteTeam "SC Noris-Tarrasch Nürnberg 1873"]
[BlackTeam "OSG Baden-Baden"]
[PlyCount "112"]
[WhiteFideId "16271246"]
[BlackFideId "16239210"]
[EventCountry "GER"]
[EventRounds "7"]
[EventType "team-swiss"]
[EventDate "2023.12.26"]

1. e4 {[%clk 01:30:55]} {[%emt 00:00:04]} e5 {[%clk 01:30:49]} {[%emt
00:00:11]} 2. Nf3 {[%clk 01:31:17]} {[%emt 00:00:09]} Nc6 {[%clk 01:30:54]}
{[%emt 00:00:24]} 3. Bc4 {[%clk 01:31:33]} {[%emt 00:00:15]} Bc5 {[%clk
01:31:11]} {[%emt 00:00:12]} 4. d4 {[%clk 01:31:55]} {[%emt 00:00:08]} exd4
{[%clk 01:30:53]} {[%emt 00:00:48]} 5. c3 {[%clk 01:32:21]} {[%emt 00:00:05]}
Nf6 {[%clk 01:30:30]} {[%emt 00:00:53]} 6. e5 {[%clk 01:32:38]} {[%emt
00:00:13]} d5 {[%clk 01:30:26]} {[%emt 00:00:33]} 7. Be2 {[%clk 01:32:49]}
{[%emt 00:00:20]} Ne4 {[%clk 01:30:15]} {[%emt 00:00:40]} 8. cxd4 {[%clk
01:33:09]} {[%emt 00:00:10]} Bb4+ {[%clk 01:30:30]} {[%emt 00:00:14]} 9. Bd2
{[%clk 01:33:30]} {[%emt 00:00:10]} Nxd2 {[%clk 01:30:48]} {[%emt 00:00:13]}
10. Nbxd2 {[%clk 01:33:58]} {[%emt 00:00:02]} O-O {[%clk 01:30:30]} {[%emt
00:00:48]} 11. O-O {[%clk 01:33:30]} {[%emt 00:00:58]} f6 {[%clk 01:29:41]}
{[%emt 00:01:18]} 12. a3 {[%clk 01:32:11]} {[%emt 00:01:50]} Bxd2 {[%clk
01:28:42]} {[%emt 00:01:29]} 13. Qxd2 {[%clk 01:32:22]} {[%emt 00:00:18]} Re8
{[%clk 01:23:35]} {[%emt 00:05:37]} 14. Bb5 {[%clk 01:25:18]} {[%emt 00:07:35]}
Bg4 {[%clk 01:20:31]} {[%emt 00:03:32]} 15. Bxc6 {[%clk 01:22:21]} {[%emt
00:03:29]} bxc6 {[%clk 01:20:54]} {[%emt 00:00:07]} 16. exf6 {[%clk 01:22:48]}
{[%emt 00:00:03]} Bxf3 {[%clk 01:20:46]} {[%emt 00:00:38]} 17. f7+ {[%clk
01:23:01]} {[%emt 00:00:17]} Kxf7 {[%clk 01:21:10]} {[%emt 00:00:06]} 18. Qf4+
{[%clk 01:23:22]} {[%emt 00:00:07]} Qf6 {[%clk 01:21:29]} {[%emt 00:00:11]} 19.
Qxf3 {[%clk 01:21:58]} {[%emt 00:01:55]} Qxf3 {[%clk 01:21:50]} {[%emt
00:00:10]} 20. gxf3 {[%clk 01:22:25]} {[%emt 00:00:03]} Re2 {[%clk 01:17:38]}
{[%emt 00:04:41]} 21. Rac1 {[%clk 01:18:09]} {[%emt 00:04:46]} Rxb2 {[%clk
01:14:25]} {[%emt 00:03:43]} 22. Rxc6 {[%clk 01:17:46]} {[%emt 00:00:54]} Re8
{[%clk 01:13:06]} {[%emt 00:01:48]} 23. Rxc7+ {[%clk 01:17:35]} {[%emt
00:00:42]} Re7 {[%clk 01:13:29]} {[%emt 00:00:06]} 24. Rfc1 {[%clk 00:57:57]}
{[%emt 00:20:08]} Rd2 {[%clk 01:13:22]} {[%emt 00:00:36]} 25. Rxe7+ {[%clk
00:58:20]} {[%emt 00:00:08]} Kxe7 {[%clk 01:13:45]} {[%emt 00:00:07]} 26. Rc7+
{[%clk 00:58:48]} {[%emt 00:00:02]} Kf6 {[%clk 01:13:59]} {[%emt 00:00:15]} 27.
Rxa7 {[%clk 00:59:06]} {[%emt 00:00:13]} Rxd4 {[%clk 01:14:24]} {[%emt
00:00:05]} 28. a4 {[%clk 00:59:00]} {[%emt 00:00:36]} Rd1+ {[%clk 01:14:03]}
{[%emt 00:00:51]} 29. Kg2 {[%clk 00:59:25]} {[%emt 00:00:06]} Ra1 {[%clk
01:13:50]} {[%emt 00:00:41]} 30. a5 {[%clk 00:59:28]} {[%emt 00:00:28]} d4
{[%clk 01:14:06]} {[%emt 00:00:14]} 31. a6 {[%clk 00:59:11]} {[%emt 00:00:47]}
d3 {[%clk 01:14:26]} {[%emt 00:00:10]} 32. Rd7 {[%clk 00:59:33]} {[%emt
00:00:08]} Rxa6 {[%clk 01:14:26]} {[%emt 00:00:30]} 33. Rxd3 {[%clk 00:59:51]}
{[%emt 00:00:12]} h6 {[%clk 01:14:04]} {[%emt 00:00:52]} 34. Rd5 {[%clk
00:59:23]} {[%emt 00:00:58]} Rb6 {[%clk 01:13:04]} {[%emt 00:01:29]} 35. Rc5
{[%clk 00:59:31]} {[%emt 00:00:24]} Ra6 {[%clk 01:13:18]} {[%emt 00:00:16]} 36.
Kg3 {[%clk 00:59:43]} {[%emt 00:00:18]} Rb6 {[%clk 01:13:07]} {[%emt 00:00:40]}
37. Kg4 {[%clk 00:57:24]} {[%emt 00:02:49]} Rb4+ {[%clk 01:13:28]} {[%emt
00:00:09]} 38. Kg3 {[%clk 00:57:50]} {[%emt 00:00:05]} Rb6 {[%clk 01:13:50]}
{[%emt 00:00:07]} 39. f4 {[%clk 00:57:57]} {[%emt 00:00:24]} Ra6 {[%clk
01:14:10]} {[%emt 00:00:09]} 40. Kg4 {[%clk 00:58:00]} {[%emt 00:00:28]} Rb6
{[%clk 01:14:14]} {[%emt 00:00:25]} 41. h4 {[%clk 00:57:16]} {[%emt 00:01:14]}
g6 {[%clk 01:08:07]} {[%emt 00:06:37]} 42. h5 {[%clk 00:51:51]} {[%emt
00:05:55]} gxh5+ {[%clk 01:08:18]} {[%emt 00:00:19]} 43. Kxh5 {[%clk 00:52:13]}
{[%emt 00:00:08]} Rb2 {[%clk 01:08:23]} {[%emt 00:00:25]} 44. f3 {[%clk
00:51:24]} {[%emt 00:01:19]} Rh2+ {[%clk 01:07:17]} {[%emt 00:01:36]} 45. Kg4
{[%clk 00:51:43]} {[%emt 00:00:10]} Rg2+ {[%clk 01:07:42]} {[%emt 00:00:05]}
46. Kh3 {[%clk 00:51:57]} {[%emt 00:00:18]} Rg1 {[%clk 01:07:54]} {[%emt
00:00:17]} 47. Kh2 {[%clk 00:52:08]} {[%emt 00:00:20]} Rg8 {[%clk 01:08:03]}
{[%emt 00:00:19]} 48. Rh5 {[%clk 00:52:01]} {[%emt 00:00:37]} Kg6 {[%clk
01:08:04]} {[%emt 00:00:30]} 49. Rh4 {[%clk 00:50:14]} {[%emt 00:02:17]} Kf5
{[%clk 01:08:13]} {[%emt 00:00:20]} 50. Rxh6 {[%clk 00:49:22]} {[%emt
00:01:23]} Kxf4 {[%clk 01:08:32]} {[%emt 00:00:11]} 51. Rf6+ {[%clk 00:49:39]}
{[%emt 00:00:12]} Ke5 {[%clk 01:08:31]} {[%emt 00:00:31]} 52. Rf7 {[%clk
00:49:50]} {[%emt 00:00:20]} Ke6 {[%clk 01:07:48]} {[%emt 00:01:13]} 53. Rf4
{[%clk 00:50:15]} {[%emt 00:00:06]} Ke5 {[%clk 01:08:09]} {[%emt 00:00:08]} 54.
Re4+ {[%clk 00:50:37]} {[%emt 00:00:08]} Kf5 {[%clk 01:08:28]} {[%emt
00:00:10]} 55. Kh3 {[%clk 00:50:38]} {[%emt 00:00:30]} Rg7 {[%clk 01:07:49]}
{[%emt 00:01:09]} 56. Kh4 {[%clk 00:50:50]} {[%emt 00:00:19]} Rg8 {[%clk
01:07:23]} {[%emt 00:00:56]} 1/2-1/2

[Event "DVM U16 2023"]
[Site "Magdeburg GER"]
[Date "2023.12.28"]
[Round "3"]
[White "Neves, Carlos"]
[Black "Ronsin, Corentin"]
[Result "0-1"]
[Termination "normal"]
[Board "2.4"]
[WhiteElo "1721"]
[BlackElo "1642"]
[WhiteClock "00:07:50"]
[BlackClock "00:18:12"]
[WhiteTeam "OSG Baden-Baden"]
[BlackTeam "SC Noris-Tarrasch Nürnberg 1873"]
[PlyCount "100"]
[WhiteFideId "16258320"]
[BlackFideId "34641742"]
[EventCountry "GER"]
[EventRounds "7"]
[EventType "team-swiss"]
[EventDate "2023.12.26"]

1. d4 {[%clk 01:30:58]} {[%emt 00:00:02]} Nf6 {[%clk 01:30:53]} {[%emt
00:00:07]} 2. c4 {[%clk 01:31:22]} {[%emt 00:00:06]} e5 {[%clk 01:31:16]}
{[%emt 00:00:07]} 3. dxe5 {[%clk 01:30:43]} {[%emt 00:01:09]} Ng4 {[%clk
01:31:40]} {[%emt 00:00:06]} 4. e3 {[%clk 01:30:34]} {[%emt 00:00:39]} Nxe5
{[%clk 01:31:53]} {[%emt 00:00:17]} 5. Nh3 {[%clk 01:30:57]} {[%emt 00:00:06]}
Bc5 {[%clk 01:29:29]} {[%emt 00:02:55]} 6. Nc3 {[%clk 01:30:44]} {[%emt
00:00:43]} d6 {[%clk 01:29:32]} {[%emt 00:00:26]} 7. Nf4 {[%clk 01:30:44]}
{[%emt 00:00:30]} Nbd7 {[%clk 01:28:50]} {[%emt 00:01:13]} 8. Be2 {[%clk
01:30:00]} {[%emt 00:01:13]} Nf6 {[%clk 01:28:38]} {[%emt 00:00:42]} 9. O-O
{[%clk 01:21:41]} {[%emt 00:08:49]} O-O {[%clk 01:21:38]} {[%emt 00:07:30]} 10.
Qc2 {[%clk 01:18:10]} {[%emt 00:04:01]} Ng6 {[%clk 01:17:14]} {[%emt 00:04:55]}
11. Ncd5 {[%clk 01:00:33]} {[%emt 00:18:07]} Nxd5 {[%clk 01:17:05]} {[%emt
00:00:39]} 12. Nxd5 {[%clk 01:00:13]} {[%emt 00:00:50]} a5 {[%clk 01:16:21]}
{[%emt 00:01:13]} 13. b3 {[%clk 00:57:29]} {[%emt 00:03:14]} c6 {[%clk
00:59:16]} {[%emt 00:17:35]} 14. Nc3 {[%clk 00:57:04]} {[%emt 00:00:55]} Bb6
{[%clk 00:58:07]} {[%emt 00:01:40]} 15. Bb2 {[%clk 00:56:56]} {[%emt 00:00:37]}
Bc7 {[%clk 00:58:11]} {[%emt 00:00:26]} 16. Rfd1 {[%clk 00:55:09]} {[%emt
00:02:17]} Qh4 {[%clk 00:54:29]} {[%emt 00:04:13]} 17. g3 {[%clk 00:49:26]}
{[%emt 00:06:13]} Qh3 {[%clk 00:54:27]} {[%emt 00:00:31]} 18. Bf1 {[%clk
00:42:21]} {[%emt 00:07:36]} Qh5 {[%clk 00:54:28]} {[%emt 00:00:28]} 19. Ne4
{[%clk 00:32:13]} {[%emt 00:10:38]} Bg4 {[%clk 00:51:05]} {[%emt 00:03:53]} 20.
Rd4 {[%clk 00:24:55]} {[%emt 00:07:34]} Rae8 {[%clk 00:44:51]} {[%emt
00:06:59]} 21. Bg2 {[%clk 00:17:16]} {[%emt 00:08:09]} Re6 {[%clk 00:42:38]}
{[%emt 00:02:43]} 22. h3 {[%clk 00:14:38]} {[%emt 00:03:08]} Bxh3 {[%clk
00:42:08]} {[%emt 00:01:01]} 23. Bxh3 {[%clk 00:14:52]} {[%emt 00:00:15]} Qxh3
{[%clk 00:38:17]} {[%emt 00:04:21]} 24. Ng5 {[%clk 00:13:50]} {[%emt 00:01:32]}
Qh5 {[%clk 00:37:55]} {[%emt 00:00:51]} 25. Nxe6 {[%clk 00:13:56]} {[%emt
00:00:24]} fxe6 {[%clk 00:38:21]} {[%emt 00:00:04]} 26. Qd1 {[%clk 00:12:35]}
{[%emt 00:01:48]} Qh6 {[%clk 00:37:52]} {[%emt 00:01:02]} 27. Rxd6 {[%clk
00:11:48]} {[%emt 00:01:17]} Qh3 {[%clk 00:24:52]} {[%emt 00:13:30]} 28. c5
{[%clk 00:08:14]} {[%emt 00:04:04]} b6 {[%clk 00:20:57]} {[%emt 00:04:25]} 29.
Qd4 {[%clk 00:05:35]} {[%emt 00:03:10]} e5 {[%clk 00:20:31]} {[%emt 00:00:56]}
30. Qc4+ {[%clk 00:05:39]} {[%emt 00:00:26]} Kh8 {[%clk 00:20:51]} {[%emt
00:00:10]} 31. Qe6 {[%clk 00:03:24]} {[%emt 00:02:45]} Qh5 {[%clk 00:21:11]}
{[%emt 00:00:09]} 32. Rd7 {[%clk 00:03:18]} {[%emt 00:00:37]} Bb8 {[%clk
00:21:03]} {[%emt 00:00:37]} 33. Qxc6 {[%clk 00:03:08]} {[%emt 00:00:40]} Qe2
{[%clk 00:21:22]} {[%emt 00:00:12]} 34. Bc3 {[%clk 00:02:27]} {[%emt 00:01:11]}
Qxf2+ {[%clk 00:21:01]} {[%emt 00:00:50]} 35. Kh1 {[%clk 00:02:52]} {[%emt
00:00:04]} Qxg3 {[%clk 00:20:50]} {[%emt 00:00:43]} 36. Qg2 {[%clk 00:02:16]}
{[%emt 00:01:06]} Qxe3 {[%clk 00:19:30]} {[%emt 00:01:49]} 37. Rf1 {[%clk
00:02:00]} {[%emt 00:00:45]} Qxc5 {[%clk 00:16:52]} {[%emt 00:03:09]} 38. Rxf8+
{[%clk 00:00:49]} {[%emt 00:01:41]} Qxf8 {[%clk 00:17:18]} {[%emt 00:00:05]}
39. Rb7 {[%clk 00:00:54]} {[%emt 00:00:24]} Qd8 {[%clk 00:08:45]} {[%emt
00:09:02]} 40. Qf3 {[%clk 00:00:38]} {[%emt 00:00:48]} Bd6 {[%clk 00:05:29]}
{[%emt 00:03:46]} 41. Ra7 {[%clk 00:20:14]} {[%emt 00:10:54]} Qh4+ {[%clk
00:33:57]} {[%emt 00:02:01]} 42. Kg2 {[%clk 00:20:36]} {[%emt 00:00:07]} Qg5+
{[%clk 00:28:18]} {[%emt 00:06:09]} 43. Kf1 {[%clk 00:16:59]} {[%emt 00:04:06]}
h6 {[%clk 00:27:02]} {[%emt 00:01:47]} 44. Qf7 {[%clk 00:15:39]} {[%emt
00:01:51]} Ne7 {[%clk 00:24:51]} {[%emt 00:02:40]} 45. Qe6 {[%clk 00:12:19]}
{[%emt 00:03:50]} Qc1+ {[%clk 00:22:32]} {[%emt 00:02:50]} 46. Be1 {[%clk
00:10:58]} {[%emt 00:01:50]} Qf4+ {[%clk 00:22:28]} {[%emt 00:00:34]} 47. Ke2
{[%clk 00:10:27]} {[%emt 00:01:02]} Qe4+ {[%clk 00:22:48]} {[%emt 00:00:10]}
48. Kd1 {[%clk 00:10:41]} {[%emt 00:00:15]} Qf3+ {[%clk 00:19:18]} {[%emt
00:04:00]} 49. Kc2 {[%clk 00:10:43]} {[%emt 00:00:28]} Nf5 {[%clk 00:18:20]}
{[%emt 00:01:28]} 50. Qg6 {[%clk 00:07:50]} {[%emt 00:03:23]} Qe4+ {[%clk
00:18:12]} {[%emt 00:00:38]} 0-1

[Event "DVM U16 2023"]
[Site "Magdeburg GER"]
[Date "2023.12.28"]
[Round "3"]
[White "Herter, Arne"]
[Black "Beyer, Lorenz"]
[Result "1-0"]
[Termination "normal"]
[Board "3.1"]
[WhiteElo "1992"]
[BlackElo "2109"]
[WhiteClock "00:09:14"]
[BlackClock "00:00:32"]
[WhiteTeam "Schachzwerge Magdeburg"]
[BlackTeam "Barnimer SF im SV Stahl Finow"]
[PlyCount "69"]
[WhiteFideId "16255372"]
[BlackFideId "16245393"]
[EventCountry "GER"]
[EventRounds "7"]
[EventType "team-swiss"]
[EventDate "2023.12.26"]

1. e4 {[%clk 01:30:58]} {[%emt 00:00:01]} e6 {[%clk 01:30:55]} {[%emt
00:00:05]} 2. d4 {[%clk 01:31:23]} {[%emt 00:00:05]} d5 {[%clk 01:31:19]}
{[%emt 00:00:06]} 3. Nd2 {[%clk 01:31:46]} {[%emt 00:00:07]} c5 {[%clk
01:31:46]} {[%emt 00:00:03]} 4. exd5 {[%clk 01:32:09]} {[%emt 00:00:08]} Qxd5
{[%clk 01:32:12]} {[%emt 00:00:03]} 5. Ngf3 {[%clk 01:32:30]} {[%emt 00:00:09]}
cxd4 {[%clk 01:32:38]} {[%emt 00:00:04]} 6. Bc4 {[%clk 01:32:52]} {[%emt
00:00:07]} Qd6 {[%clk 01:33:07]} {[%emt 00:00:02]} 7. O-O {[%clk 01:33:12]}
{[%emt 00:00:09]} Nf6 {[%clk 01:33:35]} {[%emt 00:00:03]} 8. Nb3 {[%clk
01:33:34]} {[%emt 00:00:08]} Nc6 {[%clk 01:34:01]} {[%emt 00:00:04]} 9. Nbxd4
{[%clk 01:33:58]} {[%emt 00:00:06]} Nxd4 {[%clk 01:34:25]} {[%emt 00:00:06]}
10. Nxd4 {[%clk 01:34:22]} {[%emt 00:00:06]} a6 {[%clk 01:34:52]} {[%emt
00:00:04]} 11. Re1 {[%clk 01:34:43]} {[%emt 00:00:09]} Be7 {[%clk 01:35:17]}
{[%emt 00:00:05]} 12. c3 {[%clk 01:31:07]} {[%emt 00:04:05]} O-O {[%clk
01:32:36]} {[%emt 00:03:10]} 13. Qf3 {[%clk 01:29:48]} {[%emt 00:01:50]} Qc7
{[%clk 01:32:48]} {[%emt 00:00:18]} 14. Bb3 {[%clk 01:29:50]} {[%emt 00:00:28]}
Bd6 {[%clk 01:31:08]} {[%emt 00:02:10]} 15. h3 {[%clk 01:30:05]} {[%emt
00:00:16]} e5 {[%clk 01:14:27]} {[%emt 00:17:11]} 16. Nc2 {[%clk 01:29:14]}
{[%emt 00:01:21]} e4 {[%clk 00:51:40]} {[%emt 00:23:17]} 17. Qe2 {[%clk
01:27:52]} {[%emt 00:01:52]} Bf5 {[%clk 00:46:10]} {[%emt 00:06:00]} 18. Bg5
{[%clk 01:20:57]} {[%emt 00:07:25]} Bc5 {[%clk 00:34:06]} {[%emt 00:12:34]} 19.
Rad1 {[%clk 01:15:11]} {[%emt 00:06:15]} Qb6 {[%clk 00:14:52]} {[%emt
00:19:44]} 20. Bf4 {[%clk 00:53:36]} {[%emt 00:22:05]} Rad8 {[%clk 00:11:25]}
{[%emt 00:03:57]} 21. Ne3 {[%clk 00:51:16]} {[%emt 00:02:50]} Be6 {[%clk
00:08:53]} {[%emt 00:03:02]} 22. Nc4 {[%clk 00:33:44]} {[%emt 00:18:02]} Bxc4
{[%clk 00:05:30]} {[%emt 00:03:54]} 23. Bxc4 {[%clk 00:33:51]} {[%emt
00:00:23]} Qc6 {[%clk 00:04:59]} {[%emt 00:01:01]} 24. Bg5 {[%clk 00:30:08]}
{[%emt 00:04:13]} h6 {[%clk 00:03:53]} {[%emt 00:01:35]} 25. Bh4 {[%clk
00:28:19]} {[%emt 00:02:19]} b5 {[%clk 00:02:07]} {[%emt 00:02:16]} 26. Bb3
{[%clk 00:28:10]} {[%emt 00:00:38]} Qb6 {[%clk 00:01:35]} {[%emt 00:01:02]} 27.
Bc2 {[%clk 00:24:18]} {[%emt 00:04:23]} e3 {[%clk 00:01:46]} {[%emt 00:00:20]}
28. fxe3 {[%clk 00:23:04]} {[%emt 00:01:43]} Rxd1 {[%clk 00:01:04]} {[%emt
00:01:12]} 29. Rxd1 {[%clk 00:18:59]} {[%emt 00:04:36]} Re8 {[%clk 00:00:37]}
{[%emt 00:00:56]} 30. Kh1 {[%clk 00:17:56]} {[%emt 00:01:34]} Rxe3 {[%clk
00:00:36]} {[%emt 00:00:30]} 31. Qd2 {[%clk 00:13:43]} {[%emt 00:04:42]} Re8
{[%clk 00:00:32]} {[%emt 00:00:35]} 32. Qd3 {[%clk 00:13:16]} {[%emt 00:00:57]}
g6 {[%clk 00:00:32]} {[%emt 00:00:31]} 33. Rf1 {[%clk 00:11:25]} {[%emt
00:02:20]} g5 {[%clk 00:00:32]} {[%emt 00:00:31]} 34. b4 {[%clk 00:09:59]}
{[%emt 00:01:55]} Bf8 {[%clk 00:00:32]} {[%emt 00:00:30]} 35. Rxf6 {[%clk
00:09:14]} {[%emt 00:01:15]} 1-0

[Event "DVM U16 2023"]
[Site "Magdeburg GER"]
[Date "2023.12.28"]
[Round "3"]
[White "Hoffmann, Kay"]
[Black "Udelnov, Valentin"]
[Result "1-0"]
[Termination "normal"]
[Board "3.2"]
[WhiteElo "2088"]
[BlackElo "2003"]
[WhiteClock "01:48:37"]
[BlackClock "00:21:35"]
[WhiteTeam "Barnimer SF im SV Stahl Finow"]
[BlackTeam "Schachzwerge Magdeburg"]
[PlyCount "115"]
[WhiteFideId "16227000"]
[BlackFideId "16265734"]
[EventCountry "GER"]
[EventRounds "7"]
[EventType "team-swiss"]
[EventDate "2023.12.26"]

1. d4 {[%clk 01:30:58]} {[%emt 00:00:02]} Nf6 {[%clk 01:30:52]} {[%emt
00:00:07]} 2. c4 {[%clk 01:31:24]} {[%emt 00:00:04]} g6 {[%clk 01:31:18]}
{[%emt 00:00:05]} 3. Nc3 {[%clk 01:31:51]} {[%emt 00:00:03]} Bg7 {[%clk
01:31:42]} {[%emt 00:00:06]} 4. e4 {[%clk 01:32:17]} {[%emt 00:00:04]} d6
{[%clk 01:32:07]} {[%emt 00:00:04]} 5. h3 {[%clk 01:32:43]} {[%emt 00:00:04]}
O-O {[%clk 01:32:31]} {[%emt 00:00:07]} 6. Be3 {[%clk 01:33:09]} {[%emt
00:00:04]} e5 {[%clk 01:32:53]} {[%emt 00:00:08]} 7. d5 {[%clk 01:33:36]}
{[%emt 00:00:03]} Na6 {[%clk 01:33:02]} {[%emt 00:00:21]} 8. Nf3 {[%clk
01:33:43]} {[%emt 00:00:23]} Nc5 {[%clk 01:32:45]} {[%emt 00:00:47]} 9. Nd2
{[%clk 01:34:08]} {[%emt 00:00:05]} a5 {[%clk 01:32:04]} {[%emt 00:01:11]} 10.
g4 {[%clk 01:34:32]} {[%emt 00:00:05]} h5 {[%clk 01:13:29]} {[%emt 00:19:06]}
11. Be2 {[%clk 01:33:27]} {[%emt 00:01:35]} hxg4 {[%clk 01:11:11]} {[%emt
00:02:48]} 12. hxg4 {[%clk 01:33:50]} {[%emt 00:00:07]} Nh7 {[%clk 01:10:25]}
{[%emt 00:01:15]} 13. Qc2 {[%clk 01:32:23]} {[%emt 00:01:58]} f5 {[%clk
01:01:56]} {[%emt 00:08:59]} 14. gxf5 {[%clk 01:28:42]} {[%emt 00:04:10]} gxf5
{[%clk 01:02:20]} {[%emt 00:00:07]} 15. Bxc5 {[%clk 01:28:13]} {[%emt
00:00:59]} dxc5 {[%clk 01:02:35]} {[%emt 00:00:15]} 16. exf5 {[%clk 01:28:22]}
{[%emt 00:00:20]} Bxf5 {[%clk 00:56:02]} {[%emt 00:07:03]} 17. Bd3 {[%clk
01:28:46]} {[%emt 00:00:06]} e4 {[%clk 00:48:56]} {[%emt 00:07:37]} 18. Bxe4
{[%clk 01:27:43]} {[%emt 00:01:33]} Qf6 {[%clk 00:43:28]} {[%emt 00:05:59]} 19.
O-O-O {[%clk 01:26:59]} {[%emt 00:01:13]} Rae8 {[%clk 00:37:10]} {[%emt
00:06:47]} 20. Rh5 {[%clk 01:22:56]} {[%emt 00:04:33]} Ng5 {[%clk 00:25:32]}
{[%emt 00:12:08]} 21. Bxf5 {[%clk 01:22:52]} {[%emt 00:00:34]} Qxf5 {[%clk
00:25:29]} {[%emt 00:00:33]} 22. Qxf5 {[%clk 01:23:18]} {[%emt 00:00:04]} Rxf5
{[%clk 00:25:54]} {[%emt 00:00:06]} 23. f4 {[%clk 01:23:43]} {[%emt 00:00:04]}
Rxf4 {[%clk 00:22:02]} {[%emt 00:04:23]} 24. Rxg5 {[%clk 01:24:02]} {[%emt
00:00:11]} Kf7 {[%clk 00:21:33]} {[%emt 00:00:58]} 25. Rgg1 {[%clk 01:22:52]}
{[%emt 00:01:40]} Bf6 {[%clk 00:19:52]} {[%emt 00:02:11]} 26. Rde1 {[%clk
01:21:58]} {[%emt 00:01:24]} Rh8 {[%clk 00:15:29]} {[%emt 00:04:53]} 27. Rgf1
{[%clk 01:22:23]} {[%emt 00:00:06]} Rxf1 {[%clk 00:15:02]} {[%emt 00:00:57]}
28. Rxf1 {[%clk 01:22:48]} {[%emt 00:00:04]} Kg7 {[%clk 00:14:05]} {[%emt
00:01:28]} 29. Kc2 {[%clk 01:22:52]} {[%emt 00:00:25]} Rh2 {[%clk 00:14:10]}
{[%emt 00:00:25]} 30. Kd3 {[%clk 01:23:11]} {[%emt 00:00:11]} Kg6 {[%clk
00:11:12]} {[%emt 00:03:29]} 31. b3 {[%clk 01:18:42]} {[%emt 00:04:58]} Bg5
{[%clk 00:08:59]} {[%emt 00:02:44]} 32. Nce4 {[%clk 01:16:41]} {[%emt
00:02:30]} Bh6 {[%clk 00:08:18]} {[%emt 00:01:11]} 33. Rf2 {[%clk 01:16:12]}
{[%emt 00:00:59]} Rh3+ {[%clk 00:08:33]} {[%emt 00:00:15]} 34. Nf3 {[%clk
01:15:32]} {[%emt 00:01:10]} b6 {[%clk 00:07:20]} {[%emt 00:01:44]} 35. Ke2
{[%clk 01:15:25]} {[%emt 00:00:36]} Bf4 {[%clk 00:06:35]} {[%emt 00:01:16]} 36.
Rg2+ {[%clk 01:13:49]} {[%emt 00:02:05]} Kf5 {[%clk 00:05:14]} {[%emt
00:01:51]} 37. Neg5 {[%clk 01:14:14]} {[%emt 00:00:05]} Rh1 {[%clk 00:04:51]}
{[%emt 00:00:53]} 38. Ne6 {[%clk 01:14:18]} {[%emt 00:00:27]} Ra1 {[%clk
00:02:09]} {[%emt 00:03:12]} 39. Nxf4 {[%clk 01:14:34]} {[%emt 00:00:14]} Kxf4
{[%clk 00:02:34]} {[%emt 00:00:05]} 40. Rg7 {[%clk 01:14:38]} {[%emt 00:00:24]}
Rxa2+ {[%clk 00:02:55]} {[%emt 00:00:11]} 41. Nd2 {[%clk 01:15:03]} {[%emt
00:00:05]} Ke5 {[%clk 00:03:01]} {[%emt 00:00:23]} 42. Kd3 {[%clk 01:14:58]}
{[%emt 00:00:35]} a4 {[%clk 00:02:58]} {[%emt 00:00:34]} 43. bxa4 {[%clk
01:15:00]} {[%emt 00:00:27]} Ra3+ {[%clk 00:01:53]} {[%emt 00:01:35]} 44. Ke2
{[%clk 01:14:10]} {[%emt 00:01:20]} Rxa4 {[%clk 00:30:25]} {[%emt 00:01:59]}
45. Rxc7 {[%clk 01:44:30]} {[%emt 00:00:09]} Ra2 {[%clk 00:27:13]} {[%emt
00:03:43]} 46. Rb7 {[%clk 01:43:51]} {[%emt 00:01:09]} Rb2 {[%clk 00:23:47]}
{[%emt 00:03:54]} 47. Kd3 {[%clk 01:44:11]} {[%emt 00:00:11]} Rb4 {[%clk
00:22:24]} {[%emt 00:01:54]} 48. Kc3 {[%clk 01:44:33]} {[%emt 00:00:08]} b5
{[%clk 00:19:04]} {[%emt 00:03:50]} 49. Rxb5 {[%clk 01:44:57]} {[%emt
00:00:06]} Rxb5 {[%emt 00:00:18]} 50. cxb5 {[%clk 01:45:21]} {[%emt 00:00:05]}
Kxd5 {[%clk 00:19:42]} {[%emt 00:00:05]} 51. b6 {[%clk 01:45:46]} {[%emt
00:00:06]} Kd6 {[%clk 00:19:46]} {[%emt 00:00:25]} 52. Nc4+ {[%clk 01:46:11]}
{[%emt 00:00:04]} Kc6 {[%clk 00:20:00]} {[%emt 00:00:16]} 53. Kb3 {[%clk
01:46:38]} {[%emt 00:00:04]} Kb7 {[%clk 00:20:22]} {[%emt 00:00:08]} 54. Ka4
{[%clk 01:47:05]} {[%emt 00:00:04]} Ka6 {[%clk 00:20:48]} {[%emt 00:00:03]} 55.
Ka3 {[%clk 01:47:21]} {[%emt 00:00:14]} Kb7 {[%clk 00:21:13]} {[%emt 00:00:05]}
56. Kb3 {[%clk 01:47:49]} {[%emt 00:00:02]} Kc6 {[%clk 00:21:08]} {[%emt
00:00:34]} 57. Ka4 {[%clk 01:48:15]} {[%emt 00:00:05]} Kd5 {[%clk 00:21:35]}
{[%emt 00:00:03]} 58. Kb5 {[%clk 01:48:37]} {[%emt 00:00:08]} 1-0